Environment and Development: (Record no. 204665)

MARC details
000 -LEADER
fixed length control field 01006nam a22002777a 4500
003 - CONTROL NUMBER IDENTIFIER
control field dpl
005 - DATE AND TIME OF LATEST TRANSACTION
control field 20240801103220.0
008 - FIXED-LENGTH DATA ELEMENTS--GENERAL INFORMATION
fixed length control field 240801b |||||||| |||| 00| 0 eng d
010 ## - LIBRARY OF CONGRESS CONTROL NUMBER
LC control number ENG-140858
020 ## - INTERNATIONAL STANDARD BOOK NUMBER
Terms of availability 795.00
International Standard Book Number 9789389934731
035 ## - SYSTEM CONTROL NUMBER
System control number EN-124390
037 ## - SOURCE OF ACQUISITION
Source of stock number/acquisition Delivery of Book Act Division
040 ## - CATALOGING SOURCE
Original cataloging agency DPL
Transcribing agency 0
082 ## - DEWEY DECIMAL CLASSIFICATION NUMBER
Classification number 333.7
Edition number 1
100 ## - MAIN ENTRY--PERSONAL NAME
9 (RLIN) 33732
245 ## - TITLE STATEMENT
Title Environment and Development:
Remainder of title Views on Sustainability/
Statement of responsibility, etc Edited By Bappa Sarkar [and] Kishore Kumar Thappa
260 ## - PUBLICATION, DISTRIBUTION, ETC. (IMPRINT)
Place of publication, distribution, etc Uttar Pradesh
Name of publisher, distributor, etc Alllied Publishers Pvt Ltd
Date of publication, distribution, etc 2024
270 ## - ADDRESS
Address D-5, Sector-2, Noida
City Uttar Pradesh
Postal code 201301
Telephone number 0120-4320295
-- 0120-4352866
-- 0120-2542557
Electronic mail address delhi.books@alliedpublishers.com
300 ## - PHYSICAL DESCRIPTION
Extent xii,347p.
Dimensions 23cm(pb)
Other physical details index
500 ## - GENERAL NOTE
General note Includes index
650 ## - SUBJECT ADDED ENTRY--TOPICAL TERM
Topical term or geographic name as entry element Audit of mangement systems
9 (RLIN) 33733
650 ## - SUBJECT ADDED ENTRY--TOPICAL TERM
Topical term or geographic name as entry element Quality manual
9 (RLIN) 33734
700 ## - ADDED ENTRY--PERSONAL NAME
Personal name Sarkar , Bappa
Relator term Editor
9 (RLIN) 69134
700 ## - ADDED ENTRY--PERSONAL NAME
Personal name Thappa, Kishore Kumar
Relator term Editor
9 (RLIN) 69135
942 ## - ADDED ENTRY ELEMENTS (KOHA)
Source of classification or shelving scheme Dewey Decimal Classification
Koha item type English Books
Classification part 333.7
Call number suffix ENV
Holdings
Withdrawn status Lost status Source of classification or shelving scheme Damaged status Not for loan Collection code Home library Current library Date acquired Source of acquisition Cost, normal purchase price Total Checkouts Full call number Barcode Date last seen Copy number Cost, replacement price Price effective from Koha item type
    Dewey Decimal Classification     Non-fiction Patel Nagar Patel Nagar 01/08/2024 Delivery of Books Act Division 795.00   333.7 ENV EN-124390 01/08/2024 1 795.00 01/08/2024 English Books

© Delhi Public Library
Hit Counter
free hit counter